Basic principles of marine navigation
Saved in:
| Hovedforfatter: | |
|---|---|
| Format: | Bog |
| Sprog: | engelsk |
| Udgivet: |
Surrey
Kandy
1964
|
| Fag: | |
| Tags: |
Tilføj Tag
Ingen Tags, Vær først til at tagge denne postø!
|
MARC
| LEADER | 00000nam a2200000 a 4500 | ||
|---|---|---|---|
| 001 | UCY4010 | ||
| 003 | CL-VaPUC | ||
| 008 | 950125e19640000UK |||||||||||||||||eng|d | ||
| 082 | 0 | 4 | |a 623.89 |b MOO |2 21 |
| 100 | |a Moore, Dennis Alan |e autor |9 332417 | ||
| 245 | 1 | 0 | |a Basic principles of marine navigation |
| 300 | |a 128 p | ||
| 942 | |c BK | ||
| 945 | |d 19950125 00:00:00 |a mfernand | ||
| 260 | |a Surrey |b Kandy |c 1964 | ||
| 650 | 0 | |a Navegación |9 255384 | |
| 583 | |a last modification |c 20120822 12:06:07 |k Rodrigo Vera | ||
| 999 | |c 232000 |d 231998 | ||
| 952 | |0 0 |1 0 |2 ddc |4 0 |6 623_890000000000000_MOO_1964 |7 0 |8 CCM |9 235939 |a BIBCUR |b BIBCUR |c PAC |d 2019-11-15 |i 3056686 |o 623.89 MOO 1964 |p 3056686 |r 2025-04-22 |w 2019-11-15 |y BK |k CIM | ||